| 000 | 01110nmc a2200373 a 4500 | ||
|---|---|---|---|
| 003 | AR-BaBNM | ||
| 005 | 20251128204339.0 | ||
| 008 | 011101s1991 ||||||||||||||000 | spa|| | ||
| 020 | _a84-7509-707-3 | ||
| 040 | _cAR-BaBNM | ||
| 100 | 1 | _aWatkins, Chris | |
| 245 | 1 | 0 |
_aLa disciplina escolar _bpropuesta de trabajo en el marco global del centro |
| 260 |
_aBarcelona _bPaidós _c1991 |
||
| 300 |
_a185 p. _bgráfs. |
||
| 490 | 0 |
_aTemas de educación _vv. 24 |
|
| 500 | _aIndice analítico | ||
| 504 | _aContiene bibliografía | ||
| 650 | 4 | _aDISCIPLINA | |
| 650 | 4 | _aPROBLEMAS DISCIPLINARIOS | |
| 650 | 4 | _aPROBLEMAS DE COMPORTAMIENTO | |
| 650 | 4 | _aPROBLEMAS DE ADAPTACION | |
| 650 | 4 | _aREUNIONES | |
| 650 | 4 | _aRELACIONES HUMANAS | |
| 650 | 4 | _aPSICOLOGIA DE LA EDUCACION | |
| 650 | 4 | _aPADRES | |
| 650 | 4 | _aRELACION FAMILIA-ESCUELA | |
| 650 | 4 | _aRELACION PADRES-DOCENTE | |
| 653 | _aESTABLECIMIENTOS EDUCATIVOS | ||
| 700 | 1 | _aWagner, Patsy | |
| 700 | 1 |
_aInglés Bonilla, Fernando _etraductor |
|
| 810 | 1 |
_aEspaña _bMinisterio de Educación y Ciencia |
|
| 942 | _cBK | ||
| 998 | _cMARTIN | ||
| 999 |
_c7104 _d7104 |
||